Fundamentals of computer networks (Record no. 5069)

MARC details
000 -LEADER
fixed length control field 00512nam a2200169Ia 4500
003 - CONTROL NUMBER IDENTIFIER
control field SGT
020 ## - INTERNATIONAL STANDARD BOOK NUMBER
International Standard Book Number 9788120334526
082 ## - DEWEY DECIMAL CLASSIFICATION NUMBER
Classification number 4.6
Item number KUN
100 ## - MAIN ENTRY--PERSONAL NAME
Personal name Kundu,Sudakshina
245 ## - TITLE STATEMENT
Title Fundamentals of computer networks
250 ## - EDITION STATEMENT
Edition statement 2nd . Ed.
260 ## - PUBLICATION, DISTRIBUTION, ETC. (IMPRINT)
Name of publisher, distributor, etc PHI Learning Private Limited
Place of publication, distribution, etc New Delhi
Year of Publication 2008
300 ## - PAGE DESCRIPTION
No. of Pages 287p.
650 ## - SUBJECT ADDED ENTRY--TOPICAL TERM
Topical term or geographic name as entry element COMPUTER SCIENCE
653 ## - KEYWORDS--INDEX TERM
Keyword term COMPUTER NETWORKING -AN OVERVIEW, ELECTRONIC COMMUNICATION OF THE DIGITAL DATA INTERNET WORKING NETWORK APPLICATIONS
942 ## - ADDED ENTRY ELEMENTS (KOHA)
Source of classification or shelving scheme Dewey Decimal Classification
Koha item type Books
942 ## - ADDED ENTRY ELEMENTS (KOHA)
-- 15
Holdings
Withdrawn status Lost status Source of classification or shelving scheme Damaged status Not for loan Home library Current library Date acquired SGTU Total Checkouts Full call number Accession No. (Barcode) Date last seen Date last borrowed Bill Date Koha item type Use restrictions Shelving location Collection code Vendor Name Cost, normal purchase price
    Dewey Decimal Classification     SGT Engineering Library SGT Engineering Library 14/05/2010 SGTU 2 4.6 KUN FE2426 05/12/2022 21/11/2022 09/02/2015 Books          
    Dewey Decimal Classification   Not For Loan SGT Engineering Library SGT Engineering Library 14/05/2010 SGTU   4.6 KUN FE2427 09/02/2015   09/02/2015 Books Restricted Access Reference Book      
    Dewey Decimal Classification     SGT Engineering Library SGT Engineering Library 14/05/2010 SGTU 5 4.6 KUN FE2428 06/08/2025 28/07/2025 09/02/2015 Books          
    Dewey Decimal Classification     SGT Engineering Library SGT Engineering Library 14/05/2010 SGTU   4.6 KUN FE2429 09/02/2015   09/02/2015 Books          
    Dewey Decimal Classification     SGT Engineering Library SGT Engineering Library 06/09/2012 SGTU 4 4.6 KUN FE5570 03/01/2025 26/12/2024 09/02/2015 Books   Text Book ENGINEERING    
    Dewey Decimal Classification     SGT Engineering Library SGT Engineering Library 06/09/2012 SGTU 6 4.6 KUN FE5571 28/12/2024 16/12/2024 09/02/2015 Books          
    Dewey Decimal Classification     SGT Engineering Library SGT Engineering Library 29/05/2018 SGTU   4.6 KUN FE2454 29/05/2018   29/05/2018 Books   Text Book ENGINEERING UBS 225.00
    Dewey Decimal Classification     SGT Engineering Library SGT Engineering Library 29/05/2018 SGTU   4.6 KUN FE2455 29/05/2018   29/05/2018 Books     ENGINEERING UBS 225.00